• 首页
  • 本馆介绍
  • 公告通知
  • 最新文献
  • 馆藏检索
  • 电子资源
  • 读者导购
  • 参考咨询
  • 我的图书馆
  • 登录
  • 详细信息显示
  • 放入我的书架
  • 预约/预借图书
  • 作者相关作品
  • 分类相关作品
  • 丛书相关作品
  • 出版社相关作品

书目信息

  • 表格格式
  • 工作单格式
  • 卡片格式
题名:
20世纪中国社会生活变迁史
    
 
作者: 严昌洪 著
分册:  
出版信息: 北京   人民出版社  2007
页数: 545页
开本: 23cm
丛书名:
单 册:
中图分类: D693.93
科图分类:
主题词: 社会生活--中国--20世纪--史料 , 社会生活
电子资源:
ISBN: 978-7-01-006045-3
000 00899nam0 2200253 450
001 003413590
005 20120618152347.18
010    @a978-7-01-006045-3@dCNY58.00
100    @a20070318d2007 em y0chiy0110 ea
101 0  @achi
102    @aCN@b110000
105    @aa z 000yy
106    @ar
200 1  @a20世纪中国社会生活变迁史@920 shi ji zhong guo she hui sheng huo bian qian shi@f严昌洪著
210    @a北京@c人民出版社@d2007
215    @a545页@c图@d23cm
300    @a教育部人文社会科学研究“十五”规划基金项目
330    @a本书是贯通了近代、现代和当代的生活史,主要内容包括服饰潮流的急剧变化、饮食文化的缓慢演变、居住条件的逐步改善、交通设施的更新换代、婚姻礼俗的时代变迁等。
606 0  @a社会生活@y中国@z20世纪@j史料
606 0  @a社会生活
690    @aD693.93@v4
701  0 @a严昌洪@9yan chang hong@f(1943~)@4著
801  0 @aCN@bNLC@c20070716
905    @b539253-57@dD693.93@e186@f5
    
    20世纪中国社会生活变迁史/严昌洪著.-北京:人民出版社,2007
    545页:图;23cm
    教育部人文社会科学研究“十五”规划基金项目
    
    ISBN 978-7-01-006045-3:CNY58.00
    本书是贯通了近代、现代和当代的生活史,主要内容包括服饰潮流的急剧变化、饮食文化的缓慢演变、居住条件的逐步改善、交通设施的更新换代、婚姻礼俗的时代变迁等。
●
相关链接 在E读中查询图书 在五车中查询图书 在当当中查询图书 在豆瓣中查询图书


正题名:20世纪中国社会生活变迁史     索取号:D693.93/186         预约/预借

序号 登录号 条形码 馆藏地/架位号 状态 备注
1 539253   205392537   第一样本阅览室/ [索取号:D693.93/186] 在馆    
2 539254   205392546   第一借阅区/ [索取号:D693.93/186] 在馆    
3 539255   205392555   第一借阅区/ [索取号:D693.93/186] 在馆    
4 539256   205392564   第一借阅区/ [索取号:D693.93/186] 在馆    
5 539257   205392573   第一借阅区/ [索取号:D693.93/186] 在馆    
唐山师范学院图书馆 欢迎您!
大连网信软件有限公司© 版权所有